Bangladesh economics / (Record no. 876)

MARC details
000 -LEADER
fixed length control field 00558nam a22002057a 4500
001 - CONTROL NUMBER
control field BD-DhSAU 876
003 - CONTROL NUMBER IDENTIFIER
control field BD-DhSAU
005 - DATE AND TIME OF LATEST TRANSACTION
control field 20150107220230.0
008 - FIXED-LENGTH DATA ELEMENTS--GENERAL INFORMATION
fixed length control field 150107b1973 bd ||||r|||| 00| 0 eng d
040 ## - CATALOGING SOURCE
Original cataloging agency BD-DhSAU
082 ## - DEWEY DECIMAL CLASSIFICATION NUMBER
Edition number 22
Classification number 330.95492
Item number HAB
100 ## - MAIN ENTRY--PERSONAL NAME
Personal name Hai, Mohammad Abdul.
245 ## - TITLE STATEMENT
Title Bangladesh economics /
Statement of responsibility, etc. MD. Abdul Hai.
250 ## - EDITION STATEMENT
Edition statement 3rd ed.
260 ## - PUBLICATION, DISTRIBUTION, ETC. (IMPRINT)
Place of publication, distribution, etc. Dhaka :
Name of publisher, distributor, etc. Biswa Porichoy ;
Date of publication, distribution, etc. c1976.
300 ## - PHYSICAL DESCRIPTION
Extent viii, 512 p. :
Other physical details 21 cm.
Dimensions 24 cm.
590 ## - Name of Cataloguer
Name of Cataloger Md. Sirajul Islam.
650 ## - SUBJECT ADDED ENTRY--TOPICAL TERM
Topical term or geographic name as entry element Economics.
650 ## - SUBJECT ADDED ENTRY--TOPICAL TERM
Topical term or geographic name as entry element Economics.
Geographic subdivision Bangladesh.
942 ## - ADDED ENTRY ELEMENTS (KOHA)
Source of classification or shelving scheme Dewey Decimal Classification
Koha item type Book
Holdings
Withdrawn status Lost status Source of classification or shelving scheme Damaged status Not for loan Home library Branch Name Shelving location Date acquired Total Checkouts Full call number Barcode Date last seen Price effective from Koha item type
    Dewey Decimal Classification     SAU Library SAU Library General Stacks 19/04/1979   330.95492 HAB 2988 07/01/2015 07/01/2015 Book
    Dewey Decimal Classification     SAU Library SAU Library General Stacks 03/04/1979   330.95492 HAB 8402 07/01/2015 07/01/2015 Book
    Dewey Decimal Classification     SAU Library SAU Library General Stacks 05/10/1979   330.95492 HAB 4431 07/01/2015 07/01/2015 Book
    Dewey Decimal Classification   Not For Loan SAU Library SAU Library Reference 21/04/1979   330.95492 HAB 2987 20/05/2015 20/05/2015 Book